Múa thiên cẩu
Múa Thiên cẩu là một loại múa dân gian hóa trang linh vật khá đặc biệt, lưu truyền ở Hội An từ lâu đời và để lại những dấu ấn văn hóa sâu sắc tại địa phương cũng như trong lòng nhiều người dân phố Hội....
Сохранить в:
| Главный автор: | |
|---|---|
| Формат: | |
| Язык: | Undetermined |
| Опубликовано: |
Hà Nội
Dân Trí
2010
|
| Предметы: | |
| Метки: |
Добавить метку
Нет меток, Требуется 1-ая метка записи!
|
| Thư viện lưu trữ: | Trung tâm Học liệu Trường Đại học Cần Thơ |
|---|
| LEADER | 01044nam a2200205Ia 4500 | ||
|---|---|---|---|
| 001 | CTU_165408 | ||
| 008 | 210402s9999 xx 000 0 und d | ||
| 082 | |a 394.269959752 | ||
| 082 | |b A105 | ||
| 100 | |a Trần, Văn An | ||
| 245 | 0 | |a Múa thiên cẩu | |
| 245 | 0 | |c Trần Văn An, Trương Hoàng Vinh | |
| 260 | |a Hà Nội | ||
| 260 | |b Dân Trí | ||
| 260 | |c 2010 | ||
| 520 | |a Múa Thiên cẩu là một loại múa dân gian hóa trang linh vật khá đặc biệt, lưu truyền ở Hội An từ lâu đời và để lại những dấu ấn văn hóa sâu sắc tại địa phương cũng như trong lòng nhiều người dân phố Hội. | ||
| 650 | |a Folklore,Văn hóa dân gian,Folk dancing,Múa dân gian | ||
| 650 | |z Vietnam,Hội An city,Việt Nam,Thành phố Hội An,Vietnam,Hội An city,Việt Nam,Thành phố Hội An | ||
| 904 | |i Trâm, Năm | ||
| 980 | |a Trung tâm Học liệu Trường Đại học Cần Thơ | ||